000 01543cam a2200301 4500
001 ##E130729
002 ##5630
008 050826n2005 000 0 eng u
020 _a1904388396
035 _a(Sirsi) u130729
041 0 _aeng
050 0 4 _a346.41032 $2 18
100 1 _aForsyth, Frances
245 _aNotes on deeds of collateral warranties and the Contracts (Rights of Third Parties) Act 1999 (for UK students)
_ba CPD study pack
250 _a4th ed.
260 _aReading
_bCollege of Estate Management
_c2005
300 _a49p.
_c30cm. + 1 audio cassette (ca. 60 min.)
350 _a51
490 _aCollege of Estate Management CPD Study Pack
520 _aLooks at the background to the traditional use of collateral warranties. As new methods of limiting a party's liability in tort emerge, it then goes on to consider the alternatives to collateral warranties. In particular, the relative advantages and disadvantages of latent defects insurance and the Contract (Rights of Third Parties) Act 1999 are discussed.
520 _aAccompanied by Owlion audio cassette "Deeds of Collateral Warranty and the Contracts (Rights of Third Parties) Act 1999" (J106470) which is also available to borrow seperately.
520 _aSupersedes third edition (ISBN 1899769595)
590 _aIKA270905
650 2 4 _aCONTRACTS (RIGHTS OF THIRD PARTIES) ACT 1999
690 _aBUILT ENVIRONMENT-BUILDING CONTRACT FORMS-CONSTRUCTION COLLATERAL WARRANTY FORMS
710 2 _aCollege of Estate Management
_9400
942 _n0
999 _c104542
_d104542